| 000 | 01101cam a22003493a 4500 | ||
|---|---|---|---|
| 001 | 16416832 | ||
| 003 | PILC | ||
| 005 | 20160114124227.0 | ||
| 008 | 960516s1996 nyu 000 1 eng c | ||
| 010 | _a 97811137 | ||
| 015 | _aGBA3-47584 | ||
| 020 | _a0671568116 | ||
| 035 | _a(OCoLC)ocm34743104 | ||
| 040 |
_aCLE _cCLE _dUKM _dDLC |
||
| 042 | _apcc | ||
| 050 | 0 | 0 |
_aPZ 7 _b.P374 1996 |
| 082 | 0 | 4 |
_aFIC _bP34st 1996 |
| 100 | 1 |
_aPeel, John, _d1954- _921239 |
|
| 245 | 1 | 0 |
_aObjective : _cJohn Peel _bbajor |
| 260 |
_aNew York : _bPocket Books, _c1996. |
||
| 300 |
_a278 p. : _c18 cm. |
||
| 490 | 1 |
_aStar trek, deep space nine ; _v#15 |
|
| 650 | 0 |
_aStar Trek fiction. _919712 |
|
| 655 | 7 |
_aRadio and television novels. _2gsafd _93967 |
|
| 655 | 7 |
_aScience fiction. _2gsafd _91889 |
|
| 710 | 2 |
_aCopyright Paperback Collection (Library of Congress) _5DLC _9705 |
|
| 730 | 0 |
_aStar trek, Deep Space Nine (Television program) _920133 |
|
| 830 | 0 |
_aStar trek, deep space nine (Series) ; _v#15. _921240 |
|
| 906 |
_a7 _bcbc _ccopycat _d2 _encip _f19 _gy-genrareb |
||
| 942 |
_2lcc _cBK |
||
| 999 |
_c11873 _d11873 |
||